| 000 | 00920cab a2200229 4500 | ||
|---|---|---|---|
| 001 | X97979 | ||
| 008 | 090401t1999 xxu||||| |||| 00| 0 eng d | ||
| 035 | _a(Sirsi) u92674 | ||
| 041 | _aeng | ||
| 245 | _aPlatform Home Loans Ltd v Oyston Shipways Ltd and others | ||
| 260 | _c1999 | ||
| 350 | _a0 | ||
| 490 |
_aEstates Gazette _v(9913) 3 April 1999, 119-129(11) |
||
| 520 | _aHL 18 February 1999. Negligence - Valuation for non-status mortgage - Contributory negligence - Law Reform (Contributory Negligence) Act 1945 - Meaning of damage - Whether damage overall transaction loss or part of loss attributable to negligent valuation. (Headnote from journal). | ||
| 650 | _aDAMAGES | ||
| 650 | _aLAW REFORM (CONTRIBUTORY NEGLIGENCE) ACT 1945 S1 | ||
| 650 | _aMORTGAGE VALUATIONS | ||
| 650 | _aNEGLIGENCE | ||
| 690 | _aMANAGEMENT-BUSINESS MANAGEMENT-PROFESSIONAL PRACTICE | ||
| 942 | _n0 | ||
| 948 | _c12/04/1999 | ||
| 999 |
_c58742 _d58742 |
||